[Event "Titled Tue 17th Jun Early"]
[Site "chess.com INT"]
[Date "2025.06.17"]
[Round "6"]
[White "Yonal, Timur"]
[Black "Castillo, Santiago"]
[Result "0-1"]
[WhiteTitle "FM"]
[WhiteElo "2170"]
[BlackElo "2163"]
[WhiteFideId "44115725"]
[BlackFideId "108936"]
[EventDate "2025.06.17"]

1. b3 d6 2. Bb2 Nd7 3. e3 Ngf6 4. c4 g6 5. f4 Bg7 6. Nf3 O-O 7. Be2 c6 8. O-O
Ne4 9. Bxg7 Kxg7 10. Qc2 f5 11. Nc3 Ndf6 12. d3 Nxc3 13. Qxc3 Qb6 14. Qd4 c5 15.
Qc3 Qc7 16. b4 b6 17. bxc5 bxc5 18. Rab1 Bd7 19. Rb2 Bc6 20. Rfb1 Rab8 21. Ng5
Bd7 22. h3 h6 23. Nf3 Rxb2 24. Qxb2 Kh7 25. Qb7 Rc8 26. Nd2 Bc6 27. Qxc7 Rxc7
28. Bf3 Bxf3 29. gxf3 Kg7 30. Rb8 e5 31. fxe5 dxe5 32. Kf2 g5 33. Nb3 e4 34. Ke2
exf3+ 35. Kxf3 g4+ 36. hxg4 fxg4+ 37. Kf4 h5 38. Rb5 Rf7 39. Kg3 Nd7 40. Nxc5
Rf3+ 41. Kh4 Nf6 42. Kg5 g3 43. Rb7+ Kh8 44. Rb1 Nh7+ 45. Kg6 g2 0-1

[Event "Titled Tue 17th Jun Early"]
[Site "chess.com INT"]
[Date "2025.06.17"]
[Round "6"]
[White "Germanovs, Georgijs"]
[Black "Indjic, Aleksandar"]
[Result "1/2-1/2"]
[WhiteTitle "CM"]
[BlackTitle "GM"]
[WhiteElo "2260"]
[BlackElo "2661"]
[WhiteFideId "11609710"]
[BlackFideId "911925"]
[EventDate "2025.06.17"]

1. e4 Nf6 2. Nc3 d6 3. d4 e5 4. Nf3 Nbd7 5. dxe5 Nxe5 6. Nxe5 dxe5 7. Qxd8+ Kxd8
8. Bc4 Ke8 9. Bg5 c6 10. Bxf6 gxf6 11. f3 Be6 12. Bxe6 fxe6 13. g4 h5 14. h3 Bh6
15. Ke2 Ke7 16. Rad1 Rad8 17. Rxd8 Rxd8 18. Rd1 Rh8 19. Rh1 Bg5 20. Nd1 f5 21.
gxf5 exf5 22. Rg1 Kf6 23. exf5 Rd8 24. Ne3 Rd4 25. c3 Ra4 26. a3 e4 27. f4 Bxf4
28. Rg6+ Kf7 29. Re6 Ra5 30. Rxe4 Bxe3 31. Kxe3 Rxf5 32. Rb4 b5 33. Rd4 Ke6 34.
Rd8 Rg5 35. Kf3 h4 36. Kf4 Rg3 37. Re8+ Kd5 38. Re3 Rxe3 39. Kxe3 Kc4 40. Kd2
Kb3 41. Kc1 Ka2 42. Kc2 a5 43. c4 bxc4 44. a4 Ka1 45. Kc1 Ka2 46. Kc2 Ka1 47.
Kc1 Ka2 48. Kc2 1/2-1/2

[Event "Titled Tue 17th Jun Early"]
[Site "chess.com INT"]
[Date "2025.06.17"]
[Round "6"]
[White "Shermuhammadov, Samandar"]
[Black "Chiang, Jacob"]
[Result "1/2-1/2"]
[WhiteTitle "FM"]
[WhiteElo "2110"]
[BlackElo "2006"]
[WhiteFideId "14205602"]
[BlackFideId "30962331"]
[EventDate "2025.06.17"]

1. e4 c5 2. Nf3 d6 3. d4 cxd4 4. Qxd4 Nf6 5. Bg5 Nc6 6. Bb5 Bd7 7. Bxc6 Bxc6 8.
Nc3 g6 9. Bxf6 exf6 10. O-O-O Bg7 11. Qxd6 Qxd6 12. Rxd6 O-O 13. Nd4 Rfd8 14.
Rxd8+ Rxd8 15. Nxc6 Bh6+ 16. Kb1 bxc6 17. Rd1 Rb8 18. b3 Bf4 19. Rd7 Bxh2 20. g3
Bg1 21. Rd2 h5 22. Na4 g5 23. Nc5 Kg7 24. Nd3 h4 25. gxh4 gxh4 26. Nf4 Rh8 27.
Nh3 Bh2 28. f4 Bg3 29. Rd7 Kg6 30. Rxa7 Kh5 31. Rxf7 Kg4 32. Ng1 Bf2 33. Rxf6
Bxg1 34. Rg6+ Kxf4 35. Rxg1 h3 36. a4 h2 37. Rh1 Kg3 38. Kb2 Kg2 39. Rxh2+ Kxh2
40. b4 Kg3 41. c4 Kf4 42. b5 c5 43. a5 Kxe4 44. a6 Kd4 45. b6 Rh6 46. b7 Rb6+
47. Kc2 Kxc4 48. a7 Rxb7 49. a8=Q Rb4 50. Qa6+ Kd5 51. Kc3 Rd4 52. Qb7+ Kd6 53.
Qf3 Rb4 54. Qf6+ Kd5 55. Qd8+ Kc6 56. Qa8+ Kd6 57. Kd3 Rd4+ 58. Ke3 Rb4 59. Qf8+
Kc6 60. Qe7 Rd4 61. Qe6+ Kb5 62. Qe5 Kc6 63. Qe6+ Kb5 64. Qc8 Kb6 65. Kf3 Rb4
66. Ke3 Rd4 67. Ke2 Rb4 68. Kd3 Rd4+ 69. Kc3 Rb4 70. Qd7 Rd4 71. Qe7 Rb4 72.
Qd6+ Kb5 73. Qc7 Rc4+ 74. Kd3 Rd4+ 75. Ke3 Kc4 76. Qa5 Kd5 77. Qb6 Re4+ 78. Kd3
Rd4+ 79. Ke3 Re4+ 80. Kf3 Rb4 81. Qd8+ Kc6 82. Ke3 Rd4 83. Qe8+ Kd6 84. Qf7 Kc6
85. Qe7 Rb4 86. Kd3 Rd4+ 87. Kc3 Rb4 88. Qe6+ Kc7 89. Qd5 Kb6 90. Qd6+ Kb5 91.
Qc7 Rc4+ 92. Kd3 Rd4+ 93. Ke3 Kc4 94. Qc6 Kb4 95. Ke2 Kc4 96. Ke3 Kb4 97. Qb6+
Kc4 98. Qb7 Rd5 99. Qf7 1/2-1/2

[Event "Titled Tue 17th Jun Early"]
[Site "chess.com INT"]
[Date "2025.06.17"]
[Round "6"]
[White "Puranik, Abhimanyu"]
[Black "Niemann, Hans Moke"]
[Result "1/2-1/2"]
[WhiteTitle "GM"]
[BlackTitle "GM"]
[WhiteElo "2622"]
[BlackElo "2736"]
[WhiteFideId "5061245"]
[BlackFideId "2093596"]
[EventDate "2025.06.17"]

1. e4 e5 2. Nf3 Nc6 3. Bb5 a6 4. Ba4 Nf6 5. O-O Be7 6. Re1 b5 7. Bb3 O-O 8. a4
Bb7 9. d3 d6 10. Nc3 Na5 11. Ba2 b4 12. Ne2 c5 13. Ng3 Bc8 14. Bg5 Rb8 15. Bxf6
Bxf6 16. Bd5 g6 17. c3 Kg7 18. h3 h5 19. Nf1 Bg5 20. d4 Bh6 21. dxe5 dxe5 22.
cxb4 Rxb4 23. Nxe5 Bxh3 24. Nxf7 Rxf7 25. Bxf7 Qg5 26. Ne3 Nc6 27. Bd5 Ne5 28.
Rc1 h4 29. Rxc5 Bxg2 30. Rc7+ Kh8 31. Rc8+ Kh7 32. Rc7+ Bg7 33. f4 Qg3 34. Nf5
Nf3+ 35. Qxf3 Bxf3+ 36. Nxg3 hxg3 37. Re3 Bh5 38. Rxg3 Kh6 39. Rb3 Rd4 40. Rbb7
Rd1+ 41. Kg2 Rd2+ 42. Kg3 Rd3+ 43. Kg2 Rd2+ 44. Kg3 Rd3+ 45. Kg2 Rd2+ 1/2-1/2

[Event "Titled Tue 17th Jun Early"]
[Site "chess.com INT"]
[Date "2025.06.17"]
[Round "6"]
[White "Kjaergaard-Jensen, Jesper"]
[Black "Sobek, Jaroslav"]
[Result "1-0"]
[WhiteTitle "CM"]
[BlackTitle "FM"]
[WhiteElo "2081"]
[BlackElo "2195"]
[WhiteFideId "1406990"]
[BlackFideId "301388"]
[EventDate "2025.06.17"]

1. d4 d5 2. Nf3 Nf6 3. Bg5 Bf5 4. c3 c6 5. Nbd2 e6 6. Nh4 Be7 7. Nxf5 exf5 8. e3
Nbd7 9. Bd3 Ne4 10. Bxe7 Qxe7 11. O-O g6 12. f3 Nd6 13. e4 fxe4 14. fxe4 dxe4
15. Nxe4 Nxe4 16. Bxe4 O-O 17. Qf3 f5 18. Bc2 Qd6 19. Rae1 Rae8 20. Rxe8 Rxe8
21. g4 f4 22. Qxf4 Qe7 23. Bb3+ Kh8 24. Qf7 Qe3+ 25. Qf2 Qe7 26. h3 Rf8 27. Qd2
Qd6 28. Rxf8+ Nxf8 29. Qf2 Qe7 30. Kg2 Kg7 31. Qf3 Nd7 32. Kf2 Nb6 33. Qe3 Qf6+
34. Ke2 Nd5 35. Bxd5 cxd5 36. Qf3 Qe7+ 37. Kd3 Qe1 38. Qxd5 Qd1+ 39. Kc4 Qa4+
40. Kc5 Qa6 41. Qe5+ Kh6 42. Qf4+ Kg7 43. Qc7+ Kh6 44. d5 b6+ 45. Kd4 Qxa2 46.
d6 Qxb2 47. d7 Qd2+ 48. Kc4 Qe2+ 49. Kd5 Qd3+ 50. Ke6 Qe4+ 51. Kd6 1-0

[Event "Titled Tue 17th Jun Early"]
[Site "chess.com INT"]
[Date "2025.06.17"]
[Round "6"]
[White "Adewumi, Tanitoluwa"]
[Black "Craciun, Sasha-Matei"]
[Result "0-1"]
[WhiteTitle "FM"]
[BlackTitle "FM"]
[WhiteElo "2362"]
[BlackElo "2320"]
[WhiteFideId "30966396"]
[BlackFideId "1281186"]
[EventDate "2025.06.17"]

1. Nf3 Nf6 2. g3 b6 3. Bg2 Bb7 4. b3 e6 5. Bb2 c5 6. O-O Be7 7. c4 O-O 8. Nc3 d5
9. cxd5 Nxd5 10. d4 cxd4 11. Nxd4 Nxc3 12. Bxc3 Bxg2 13. Kxg2 Qd5+ 14. f3 Rd8
15. Rc1 Qb7 16. Qc2 Nd7 17. Rfd1 Nf6 18. e4 Rac8 19. Qb2 h5 20. a4 h4 21. b4
Nxe4 22. fxe4 Qxe4+ 23. Kg1 Qe3+ 24. Kf1 hxg3 25. hxg3 Qxg3 26. Qd2 Qh3+ 27. Kg1
Qg3+ 28. Qg2 Qe3+ 29. Qf2 Rxc3 30. Qxe3 Rxe3 31. Nc6 Rxd1+ 32. Rxd1 Bf6 33. Nxa7
Ra3 34. a5 bxa5 35. b5 Rb3 36. Rd6 Be7 37. Rd7 Bc5+ 38. Kg2 Bxa7 39. Rxa7 Rxb5
40. Kf3 g6 41. Kf4 Kg7 42. Ke4 g5 43. Ke3 Kg6 44. Kf3 f5 45. Kg3 Kf6 46. Kf3 g4+
47. Kf2 f4 48. Ke2 Ke5 49. Kd3 g3 50. Rxa5 Rxa5 0-1

[Event "Titled Tue 17th Jun Early"]
[Site "chess.com INT"]
[Date "2025.06.17"]
[Round "6"]
[White "Jval Saurin Patel"]
[Black "Bodemar, Jonathan"]
[Result "1/2-1/2"]
[WhiteTitle "FM"]
[BlackTitle "CM"]
[WhiteElo "2331"]
[BlackElo "2150"]
[WhiteFideId "25968343"]
[BlackFideId "6205488"]
[EventDate "2025.06.17"]

1. d4 Nf6 2. c4 e6 3. Nc3 d5 4. cxd5 exd5 5. Bg5 Be7 6. Qc2 O-O 7. e3 h6 8. Bh4
c6 9. Bd3 Re8 10. Nge2 Nbd7 11. f3 b5 12. O-O a6 13. Rad1 c5 14. Bf2 Qb6 15. Ng3
Bb7 16. Nf5 Bf8 17. Kh1 Rac8 18. Qb1 Bc6 19. a3 a5 20. dxc5 Bxc5 21. b4 axb4 22.
axb4 Bf8 23. e4 Qb7 24. exd5 Nxd5 25. Nxd5 Bxd5 26. Bd4 Ne5 27. Bc2 g6 28. Ne3
Bc6 29. Bxe5 Rxe5 30. Ng4 Re2 31. Bb3 Kh8 32. Qd3 Rce8 33. Nf6 R8e7 34. Qd8 Kg7
35. Qd4 Kh8 36. Nh5+ Kh7 37. Nf6+ Kh8 38. Ne8+ Kh7 39. Nf6+ Kh8 1/2-1/2

[Event "Titled Tue 17th Jun Early"]
[Site "chess.com INT"]
[Date "2025.06.17"]
[Round "6"]
[White "Bogdanov, Artyom"]
[Black "Rothuis, Vincent"]
[Result "0-1"]
[WhiteTitle "FM"]
[BlackTitle "IM"]
[WhiteElo "2370"]
[BlackElo "2346"]
[WhiteFideId "13749200"]
[BlackFideId "1011936"]
[EventDate "2025.06.17"]

1. e4 c5 2. b3 e6 3. Bb2 Nc6 4. Nf3 d6 5. d4 cxd4 6. Nxd4 Nf6 7. Nxc6 bxc6 8.
Bd3 d5 9. Nd2 Be7 10. O-O a5 11. c4 Ba6 12. Qe2 O-O 13. Rfd1 Qb6 14. Rab1 Rfd8
15. Nf3 dxe4 16. Bxe4 Nxe4 17. Qxe4 c5 18. Qg4 f6 19. h4 Rxd1+ 20. Rxd1 Rd8 21.
Rxd8+ Bxd8 22. h5 Bb7 23. h6 g6 24. Qf4 e5 25. Qd2 Be7 26. Bc3 a4 27. Qd7 Kf7
28. bxa4 Bc6 29. Qd1 Qa6 30. Qb3 Bxa4 31. Qb8 Be8 32. Bxe5 Qxc4 33. Bg3 Qc1+ 34.
Kh2 Qxh6+ 35. Kg1 Qc1+ 36. Kh2 Qa3 37. Qc7 Qxa2 38. Bd6 Qe6 39. Bg3 Bc6 40. Nd2
Qd5 41. Nf3 g5 42. Ne1 h5 43. Qc8 h4 44. Bb8 c4 45. Nf3 c3 46. Qc7 c2 0-1

[Event "Titled Tue 17th Jun Early"]
[Site "chess.com INT"]
[Date "2025.06.17"]
[Round "6"]
[White "Mohylnyi, Stepan"]
[Black "Arslanov, Shamil"]
[Result "0-1"]
[WhiteTitle "FM"]
[BlackTitle "IM"]
[WhiteElo "2314"]
[BlackElo "2410"]
[WhiteFideId "34127836"]
[BlackFideId "4192826"]
[EventDate "2025.06.17"]

1. e4 d5 2. exd5 Qxd5 3. Nc3 Qa5 4. d4 e5 5. Nf3 Bg4 6. dxe5 Bb4 7. Bd2 Nc6 8.
Bb5 Ne7 9. Bxc6+ Nxc6 10. Qe2 O-O-O 11. O-O Nd4 12. Qe4 Bxf3 13. gxf3 Qxe5 14.
Qxe5 Nxf3+ 15. Kg2 Nxe5 16. Bf4 Bxc3 17. bxc3 Nc4 18. Rfe1 Rhe8 19. Kf3 f6 20.
h4 g6 21. Rxe8 Rxe8 22. Rd1 c6 23. Rd4 b5 24. h5 g5 25. Bg3 f5 26. Bd6 a6 27.
Kg3 Re2 28. Rd3 Rxc2 29. Be7 g4 30. Bc5 a5 31. Kf4 Rxa2 32. Kg5 a4 33. Kh6 Re2
34. Kxh7 a3 35. Rd1 a2 36. Kg7 Nd2 37. Ra1 Nb3 38. h6 Nxa1 39. h7 Re8 40. Bf8
Nb3 41. h8=Q a1=Q 42. Kf7 Rd8 43. Qf6 Qa7+ 0-1

[Event "Titled Tue 17th Jun Early"]
[Site "chess.com INT"]
[Date "2025.06.17"]
[Round "6"]
[White "Sorokin, Aleksey"]
[Black "Smirnov, Mark"]
[Result "1-0"]
[WhiteTitle "GM"]
[BlackTitle "FM"]
[WhiteElo "2530"]
[BlackElo "2352"]
[WhiteFideId "24176460"]
[BlackFideId "13764594"]
[EventDate "2025.06.17"]

1. d4 Nf6 2. c4 e6 3. Nc3 Bb4 4. e3 b6 5. Ne2 Ne4 6. Qc2 Bb7 7. a3 Bxc3+ 8. Nxc3
Nxc3 9. Qxc3 d6 10. d5 O-O 11. e4 f5 12. exf5 exd5 13. Be3 Rxf5 14. O-O-O Qf6
15. Qxf6 Rxf6 16. cxd5 Nd7 17. Bb5 Rf7 18. h3 Re8 19. Rd2 Re5 20. Rhd1 Nf6 21.
Bd4 Rf5 22. Bxf6 gxf6 23. g4 Rf3 24. Re1 Rxh3 25. Be8 Rf8 26. Re7 f5 27. gxf5
Rxf5 28. Bd7 Rh1+ 29. Kc2 Re5 30. Be6+ Kh8 31. Rxc7 Ba6 32. f4 Ree1 33. Rg2 Rhg1
34. Rxg1 Rxg1 35. f5 Rf1 36. Rxa7 Be2 37. Rb7 h5 38. Kd2 Bg4 39. Rxb6 h4 40.
Rb8+ Kh7 41. f6 Bxe6 42. dxe6 h3 43. e7 Rf2+ 44. Ke3 Rf1 45. e8=Q Re1+ 46. Kf2 1-0

[Event "Titled Tue 17th Jun Early"]
[Site "chess.com INT"]
[Date "2025.06.17"]
[Round "6"]
[White "Wan, Yunguo"]
[Black "Jammalamadaka, Vihaan"]
[Result "1-0"]
[WhiteTitle "GM"]
[BlackTitle "CM"]
[WhiteElo "2501"]
[BlackElo "2018"]
[WhiteFideId "8603189"]
[BlackFideId "30977134"]
[EventDate "2025.06.17"]

1. Nf3 c5 2. g3 Nc6 3. Bg2 d5 4. d4 cxd4 5. Nxd4 Nf6 6. O-O e6 7. c4 Be7 8. Nc3
O-O 9. cxd5 exd5 10. Bg5 Be6 11. Nxe6 fxe6 12. Qb3 Na5 13. Qa4 Nc4 14. e4 Nxe4
15. Bxe7 Nxc3 16. Qb4 Ne2+ 17. Kh1 a5 18. Qxb7 Rf7 19. Bxd8 Rxb7 20. Bg5 h6 21.
Bc1 Nxc1 22. Raxc1 Nxb2 23. f4 Rd8 24. Rc6 Kf7 25. f5 e5 26. f6 g5 27. Bh3 Re8
28. Bg4 Reb8 29. Bh5+ Kf8 30. f7 Nd3 31. Rxh6 Kg7 32. Rg6+ Kh7 33. Rxg5 Rf8 34.
h4 e4 35. Rxd5 Rb2 36. Rxa5 e3 37. Ra3 Nf2+ 38. Kg2 Ne4+ 39. Kh3 Nf2+ 40. Rxf2
exf2 41. Kg2 Rc8 42. Bd1 Kg7 43. Rf3 Rxa2 44. h5 Rf8 45. Bb3 Rb2 46. Be6 Rd8 47.
Rxf2 Rxf2+ 48. Kxf2 Rd6 49. Bc4 Rd4 50. h6+ Kf8 51. h7 Rd2+ 52. Kg1 Rd1+ 53. Kg2
Rd2+ 54. Kh3 Kg7 55. h8=Q+ Kg6 56. Qg8+ Kh6 57. f8=Q+ 1-0

[Event "Titled Tue 17th Jun Early"]
[Site "chess.com INT"]
[Date "2025.06.17"]
[Round "6"]
[White "Ahn, Hongjin"]
[Black "Cuellar Montes, Alejandro"]
[Result "1-0"]
[WhiteTitle "IM"]
[BlackTitle "CM"]
[WhiteElo "2304"]
[BlackElo "2173"]
[WhiteFideId "13201492"]
[BlackFideId "32096836"]
[EventDate "2025.06.17"]

1. e4 e5 2. Nf3 Nc6 3. Nc3 Nf6 4. Bb5 Bd6 5. O-O O-O 6. d3 a6 7. Bc4 b5 8. Bb3
h6 9. a4 Rb8 10. Bd2 b4 11. Nd5 Nxd5 12. Bxd5 Ne7 13. Bc4 a5 14. Nh4 Kh7 15. Qh5
Ng6 16. Nf5 Qf6 17. h4 Nf4 18. Bxf4 exf4 19. d4 Qg6 20. Qf3 Bb7 21. Bd3 Qxf5 22.
exf5 Bxf3 23. gxf3 g5 24. f6+ Kg8 25. hxg5 hxg5 26. Kh2 Rfe8 27. Rg1 Re6 28.
Rxg5+ Kf8 29. Rh5 Ke8 30. Rh8+ Bf8 31. Bc4 Rxf6 32. Re1+ Re6 33. Bxe6 dxe6 34.
Rg1 Ke7 35. Rgg8 c6 36. Kh3 Rd8 37. Kg4 f5+ 38. Kg5 Kf7 39. Kh5 c5 40. dxc5 Ke7
41. c6 Rd1 42. Rxf8 Rh1+ 43. Kg5 Rg1+ 44. Kxf4 1-0

[Event "Titled Tue 17th Jun Early"]
[Site "chess.com INT"]
[Date "2025.06.17"]
[Round "6"]
[White "Martic, Ivan SRB"]
[Black "Skiadopoulos, Nikolaos"]
[Result "1-0"]
[WhiteTitle "FM"]
[BlackTitle "CM"]
[WhiteElo "2270"]
[BlackElo "1882"]
[WhiteFideId "929301"]
[BlackFideId "4200772"]
[EventDate "2025.06.17"]

1. e4 c5 2. Nf3 Nc6 3. d4 cxd4 4. Nxd4 e5 5. Nb5 d6 6. c4 Be6 7. N1c3 a6 8. Na3
Nf6 9. Bd3 Be7 10. O-O O-O 11. f3 Nd4 12. Be3 Nh5 13. Qd2 Rc8 14. Nd5 Bxd5 15.
cxd5 b5 16. Rac1 Qb6 17. Kh1 h6 18. Nc2 g5 19. Nxd4 exd4 20. Bf2 Nf4 21. Bb1 Bf6
22. Rcd1 a5 23. Bxd4 Bxd4 24. Qxd4 Qxd4 25. Rxd4 f5 26. exf5 Rc5 27. Be4 Rfc8
28. g3 Ne2 29. Rd2 Nc1 30. b3 a4 31. bxa4 bxa4 32. Kg2 Kg7 33. h4 Kf6 34. hxg5+
hxg5 35. Rh1 Kg7 36. Rh5 g4 37. Rg5+ Kf6 38. Rg6+ Kf7 39. fxg4 Rc4 40. Kf3 Rc3+
41. Kf4 R8c4 42. Rxd6 Nd3+ 43. Rxd3 Rxd3 44. Re6 Rd2 45. g5 Rxa2 46. g6+ Kf8 47.
f6 Rxe4+ 48. Rxe4 a3 49. Ra4 Rf2+ 50. Kg5 Rf3 51. Ra8# 1-0

[Event "Titled Tue 17th Jun Early"]
[Site "chess.com INT"]
[Date "2025.06.17"]
[Round "6"]
[White "Krawczyk, Flawian"]
[Black "Grezels, Florian"]
[Result "1-0"]
[WhiteTitle "CM"]
[BlackTitle "FM"]
[WhiteElo "2247"]
[BlackElo "2306"]
[WhiteFideId "21881413"]
[BlackFideId "20696450"]
[EventDate "2025.06.17"]

1. d4 Nf6 2. c4 c5 3. d5 e6 4. Nc3 exd5 5. cxd5 d6 6. e4 g6 7. Nf3 Bg7 8. Bd3
O-O 9. h3 Re8 10. O-O c4 11. Bxc4 Nxe4 12. Nxe4 Rxe4 13. Bb3 Nd7 14. Bc2 Re8 15.
Bf4 Ne5 16. Nxe5 Bxe5 17. Bxe5 Rxe5 18. Qd4 Qe7 19. f4 Re2 20. Bd3 Qe3+ 21. Qxe3
Rxe3 22. Rfd1 Bf5 23. Bxf5 gxf5 24. Kf2 Rae8 25. Re1 R3e4 26. g3 Kg7 27. Rac1
Rxe1 28. Rxe1 Rc8 29. Re7 Rc2+ 30. Re2 Rc5 31. Rd2 h5 32. Ke3 Rc1 33. Kd4 Rg1
34. Rd3 Rg2 35. Rb3 b6 36. Kc4 h4 37. gxh4 Rf2 38. Kb5 Rxf4 39. Kc6 Kf6 40. Kxd6
Rxh4 41. Rc3 Rd4 42. Kc6 f4 43. Rc1 f3 44. Rf1 Rd3 45. d6 Ke6 46. Re1+ Kf5 47.
d7 Kf4 48. h4 Kg4 49. Rf1 Rd4 50. h5 Kxh5 51. Rxf3 Kg6 52. Rc3 1-0

[Event "Titled Tue 17th Jun Early"]
[Site "chess.com INT"]
[Date "2025.06.17"]
[Round "6"]
[White "Atoyan, Alberto"]
[Black "Devaev, Alexander"]
[Result "1-0"]
[WhiteTitle "CM"]
[BlackTitle "FM"]
[WhiteElo "2266"]
[BlackElo "2306"]
[WhiteFideId "13314831"]
[BlackFideId "4169395"]
[EventDate "2025.06.17"]

1. e4 c6 2. d3 d5 3. Nd2 Nf6 4. Ngf3 h6 5. g3 d4 6. Bg2 c5 7. O-O Nc6 8. a4 e5
9. Nc4 Qc7 10. Nh4 Be6 11. b3 g6 12. f4 Nd7 13. Nf3 Bxc4 14. bxc4 Bd6 15. f5 g5
16. Bd2 Nf6 17. Ne1 O-O-O 18. a5 Kb8 19. Qb1 Ka8 20. Qb3 Rhg8 21. Nf3 Be7 22.
Rfb1 Nd7 23. Ne1 h5 24. Bf3 g4 25. Be2 h4 26. a6 b6 27. Ng2 hxg3 28. hxg3 Bg5
29. Bxg5 Rxg5 30. Nh4 Nf6 31. Qb2 Rh8 32. Kg2 Qd8 33. Rh1 Qc8 34. Qc1 Rg7 35.
Kf2 Nb4 36. Qd2 Nxa6 37. Ng2 Nb4 38. Rh6 Qd8 39. Rah1 Rhg8 40. Ne1 a5 41. c3
dxc3 42. Qxc3 Nc6 43. Nc2 Kb7 44. Rb1 Kc7 45. Ne3 Rh8 46. Rxf6 Rh2+ 47. Ke1 Nd4
48. Nd5+ Kd7 49. Bf1 Nf3+ 50. Kd1 Rd2+ 51. Kc1 Rf2 52. Rbxb6 Rxf1+ 53. Kb2 Rf2+
54. Ka3 Nd2 55. Rfd6+ Ke8 56. Qxe5+ Kf8 57. Rxd8# 1-0

[Event "Titled Tue 17th Jun Early"]
[Site "chess.com INT"]
[Date "2025.06.17"]
[Round "6"]
[White "Peatman, Carter"]
[Black "Stefanov, Plamen"]
[Result "1-0"]
[WhiteElo "2082"]
[BlackElo "1982"]
[WhiteFideId "2096480"]
[BlackFideId "2900980"]
[EventDate "2025.06.17"]

1. d4 Nf6 2. Bf4 d5 3. e3 c6 4. c4 Qb6 5. Qb3 Bf5 6. Nc3 e6 7. c5 Qxb3 8. axb3
a6 9. b4 Nbd7 10. Nf3 Be7 11. h3 O-O 12. Nd2 Rfe8 13. Nb3 Nf8 14. Be2 Ng6 15.
Bc7 Bd8 16. Bh2 e5 17. O-O Bc2 18. Na5 Bxa5 19. bxa5 exd4 20. exd4 Ne4 21. Bg4
Nd2 22. Rfe1 Nb3 23. Rxe8+ Rxe8 24. Rf1 Nxd4 25. Bd7 Rd8 26. Bg4 Nb3 27. Bd6 d4
28. Na4 f5 29. Bd1 d3 30. Nb6 Nxa5 31. Bxc2 dxc2 32. Rc1 Nb3 33. Rxc2 Re8 34.
Kh2 Nd4 35. Rd2 Nb5 36. Nc4 Nxd6 37. cxd6 Rd8 38. Nb6 Nf8 39. Rd3 Kf7 40. d7 Ke6
41. Re3+ Kf7 42. Rd3 g5 43. h4 h6 44. Kh3 Ke7 45. hxg5 hxg5 46. Nc8+ Kf7 47.
Nd6+ Ke6 48. Nxb7 1-0

[Event "Titled Tue 17th Jun Early"]
[Site "chess.com INT"]
[Date "2025.06.17"]
[Round "6"]
[White "Sailer, Mike"]
[Black "Mikhailova, Irina"]
[Result "0-1"]
[BlackTitle "WGM"]
[WhiteElo "2108"]
[BlackElo "2143"]
[WhiteFideId "2012901"]
[BlackFideId "4109040"]
[EventDate "2025.06.17"]

1. d4 Nf6 2. Nf3 g6 3. Bf4 Bg7 4. e3 d6 5. Be2 O-O 6. h3 Nc6 7. O-O Nd7 8. c4 e5
9. Bh2 exd4 10. exd4 Qf6 11. d5 Nce5 12. Nc3 Nxf3+ 13. Bxf3 Ne5 14. Be2 a6 15.
Rc1 Qd8 16. b4 Re8 17. Re1 Nd7 18. Bg4 Nf6 19. Bxc8 Rxc8 20. Qd2 Qd7 21. c5 h5
22. Bf4 Bf8 23. a4 dxc5 24. Bg5 Nh7 25. bxc5 Bxc5 26. Bh6 Bf8 27. Bxf8 Rxf8 28.
Qd4 Rfe8 29. Rxe8+ Rxe8 30. Ne4 Rd8 31. Rd1 Re8 32. f3 Rd8 33. Qc5 b6 34. Qd4 a5
35. Qe5 Re8 36. Qd4 f5 37. Nf2 Qg7 38. Qd3 Qe5 39. Qd2 Nf6 40. Rf1 Nxd5 41. Nd3
Qe3+ 42. Qxe3 Nxe3 43. Nf4 Kg7 44. Rc1 Re7 45. Rc6 Kf7 0-1

[Event "Titled Tue 17th Jun Early"]
[Site "chess.com INT"]
[Date "2025.06.17"]
[Round "6"]
[White "Miserendino, Alfredo"]
[Black "Mecit, Emre"]
[Result "0-1"]
[WhiteElo "2032"]
[BlackElo "2007"]
[WhiteFideId "101800"]
[BlackFideId "6304214"]
[EventDate "2025.06.17"]

1. e4 c5 2. Nf3 d6 3. Bb5+ Bd7 4. Bxd7+ Nxd7 5. d4 cxd4 6. Qxd4 Qb6 7. c4 Ngf6
8. Nc3 Qxd4 9. Nxd4 a6 10. b3 g6 11. Bb2 Bg7 12. O-O O-O 13. Rfe1 Rfc8 14. Nd5
Nxd5 15. exd5 Kf8 16. f4 Rab8 17. a4 Nc5 18. Re3 b5 19. axb5 axb5 20. Ra7 Bf6
21. cxb5 Rb7 22. Rxb7 Nxb7 23. Re2 Rc5 24. b4 Rxd5 25. Nc6 Bxb2 26. Rxb2 Rxb5
27. Na7 Rb6 28. Nc8 Rc6 29. Na7 Rc4 30. g3 Ke8 31. Nb5 Kd7 32. Na3 Rc3 33. Nc2
f6 34. Nd4 e5 35. fxe5 fxe5 36. Ne2 Rc4 37. Kf2 d5 38. Ke3 Kc6 39. Kd3 Nd6 40.
Nc3 Nb5 41. Na4 Rd4+ 42. Ke3 Rc4 43. Kd3 e4+ 44. Kd2 d4 45. Ke2 Nc3+ 46. Nxc3
Rxc3 47. Kd2 Kb5 48. Ra2 Kxb4 49. Ra7 Ra3 50. Rb7+ Kc5 51. Rxh7 Ra2+ 52. Kd1 e3
53. Rh6 d3 0-1

[Event "Titled Tue 17th Jun Early"]
[Site "chess.com INT"]
[Date "2025.06.17"]
[Round "6"]
[White "Drozdowski, Kacper"]
[Black "Reshetnikov, Alexey"]
[Result "1-0"]
[WhiteTitle "IM"]
[BlackTitle "IM"]
[WhiteElo "2450"]
[BlackElo "2492"]
[WhiteFideId "1136720"]
[BlackFideId "4162080"]
[EventDate "2025.06.17"]

1. e4 e6 2. d4 d5 3. Nc3 Nf6 4. Bg5 dxe4 5. Nxe4 Be7 6. Bxf6 gxf6 7. Nf3 f5 8.
Nc3 a6 9. g3 b5 10. Bg2 Bb7 11. O-O b4 12. Na4 Nd7 13. Ne5 Bxg2 14. Kxg2 Nxe5
15. dxe5 Qxd1 16. Rfxd1 Rd8 17. Rxd8+ Kxd8 18. Rd1+ Kc8 19. Kf3 Kb7 20. b3 Kc6
21. Nb2 Bc5 22. Nd3 Be7 23. h4 Rg8 24. Nf4 a5 25. Rd4 Ra8 26. Rc4+ Kd7 27. Nd3
Rb8 28. Rd4+ Ke8 29. Ke2 Rb5 30. Rc4 Kd7 31. Ke3 Kc8 32. f3 Rd5 33. h5 Bg5+ 34.
Ke2 Be7 35. g4 f6 36. gxf5 exf5 37. f4 fxe5 38. fxe5 Bg5 39. Kf3 Kd7 40. Ke2 h6
41. Kf3 Rb5 42. Rd4+ Ke6 43. Ke2 Rb6 44. Rc4 Kd7 45. Rc5 Rc6 46. Rd5+ Ke6 47.
Rxa5 Rxc2+ 48. Kf3 Rc3 49. Ke2 Rc2+ 50. Kf1 Rh2 51. Ra6+ Kd5 52. e6 Rxh5 53. e7
Bxe7 54. Nf4+ 1-0

[Event "Titled Tue 17th Jun Early"]
[Site "chess.com INT"]
[Date "2025.06.17"]
[Round "6"]
[White "Bok, Benjamin"]
[Black "Malek, Jan"]
[Result "1-0"]
[WhiteTitle "GM"]
[BlackTitle "GM"]
[WhiteElo "2582"]
[BlackElo "2505"]
[WhiteFideId "1017063"]
[BlackFideId "21864080"]
[EventDate "2025.06.17"]

1. d4 Nf6 2. c4 b6 3. Nc3 Bb7 4. Qc2 Nc6 5. Nf3 Nb4 6. Qb1 Bxf3 7. exf3 e6 8.
Be3 Nc6 9. g3 Bb4 10. Qd3 d5 11. Bg2 dxc4 12. Qxc4 Qd5 13. Qd3 Rd8 14. O-O Qd7
15. f4 Ne7 16. Qc4 Bd6 17. Rfc1 c6 18. a4 O-O 19. b4 Rc8 20. Qb3 Ned5 21. b5
Nxc3 22. Rxc3 cxb5 23. Rxc8 Rxc8 24. axb5 Bb8 25. Bc6 Qd8 26. Kg2 a5 27. f5 exf5
28. d5 Bd6 29. Qd3 Ne4 30. f3 Nc5 31. Qxf5 Rc7 32. Re1 Re7 33. Bf2 Rxe1 34. Bxe1
g6 35. Qc2 Qe7 36. Bf2 Qe5 37. Qd2 Nb3 38. Qd1 Nc5 39. Bd4 Qf5 40. Qe2 Qc8 41.
Qe3 Qd8 42. h4 Bf8 43. h5 a4 44. Qe5 f6 45. Qf4 g5 46. Qf5 Qd6 47. Bxf6 Be7 48.
Qxg5+ 1-0